Classifica Marcatori Premier League 2011-2012 - Statistics

Statistiche generali
  • Questo quiz è stato fatto 13 volte
  • Il punteggio medio è 9 su 16
Statistiche sulle risposte
Gol Nazione Squadra Calciatore % Corretto
30 Paesi Bassi Arsenal Robin van Persie
100%
16 Senegal Newcastle Utd Demba Ba
92%
14 Bosnia ed Erzegovina Manchester City Edin Džeko
92%
11 Uruguay Liverpool Luis Suárez
92%
13 Italia Manchester City Mario Balotelli
92%
23 Argentina Manchester City Sergio Agüero
92%
27 Inghilterra Manchester Utd Wayne Rooney
92%
17 Togo Tottenham mmanuel Adebayor
62%
17 Stati Uniti Fulham Clint Dempsey
46%
13 Senegal Newcastle Utd Papiss Cissé
38%
11 Inghilterra Chelsea Daniel Sturridge
15%
12 Inghilterra Swansea City Danny Graham
8%
15 Inghilterra Norwich City Grant Holt
8%
11 Inghilterra Tottenham Jermain Defoe
8%
12 Scozia Wolverhampton Steven Fletcher
8%
17 Nigeria Blackburn Yakubu Aiyegbeni
8%
Nessun quiz corrispondente trovato
Distribuzione punteggi
Percentuale di utenti per punteggio
Percentile per numero di risposta
I tuoi punteggi nel tempo
Non hai fatto questo quiz